Curso introductorio sobre protección de poblaciones migrantes en condición de vulnerabilidad: manual para el facilitador(a) /
El documento ofrece una guía exhaustiva para facilitadores interesados en capacitar en la protección de poblaciones migrantes vulnerables. El enfoque se centra en la comprensión de los desafíos y riesgos específicos que enfrentan estas poblaciones, incluidos niños migrantes no acompañados, víctimas...
Guardat en:
| Autor principal: | |
|---|---|
| Format: | Desconegut |
| Idioma: | Spanish |
| Publicat: |
Costa Rica:
Organización Internacional para las Migraciones, 2012
|
| Matèries: | |
| Etiquetes: |
Afegir etiqueta
Sense etiquetes, Sigues el primer a etiquetar aquest registre!
|
MARC
| LEADER | 00000 a2200000 04500 | ||
|---|---|---|---|
| 001 | 47749 | ||
| 003 | cru CIDCAS/ IIS | ||
| 005 | 20230829124422.0 | ||
| 008 | 050704s2012 cr spa d | ||
| 020 | |a ISBN: 978-9968-542-45-6 | ||
| 022 | |a ISBN: 978-9968-542 | ||
| 040 | |c cru CIDCAS/ IIS | ||
| 090 | |a 14.07.01 O68c T2 | ||
| 100 | |a Hidalgo Solís, Ana Lorena, coordinadora | ||
| 245 | |a Curso introductorio sobre protección de poblaciones migrantes en condición de vulnerabilidad: manual para el facilitador(a) / |c Ana Lorena Hidalgo, coordinadora | ||
| 260 | |a Costa Rica: |b Organización Internacional para las Migraciones, 2012 | ||
| 300 | |a Tomo 2, 300 páginas | ||
| 520 | |a El documento ofrece una guía exhaustiva para facilitadores interesados en capacitar en la protección de poblaciones migrantes vulnerables. El enfoque se centra en la comprensión de los desafíos y riesgos específicos que enfrentan estas poblaciones, incluidos niños migrantes no acompañados, víctimas de trata y personas refugiadas. El manual proporciona herramientas prácticas y estrategias pedagógicas para llevar a cabo sesiones de formación efectivas, con el objetivo de empoderar a los facilitadores para abordar cuestiones de derechos humanos, protección legal, acceso a servicios esenciales y apoyo psicosocial. La publicación es una valiosa herramienta para fortalecer la capacidad de los profesionales que trabajan en el campo de la migración y refuerza el compromiso de garantizar la protección y dignidad de las poblaciones migrantes en situación de vulnerabilidad.RAR | ||
| 650 | 0 | |2 OCDE |9 3173 |a PROTECCIONISMO | |
| 650 | 0 | |2 OCDE |9 292 |a CAPACITACION | |
| 650 | 0 | |2 OCDE |9 38 |a DERECHOS HUMANOS | |
| 650 | 0 | |9 10990 |a TRATA DE PERSONAS | |
| 650 | 0 | |2 OCDE |9 2860 |a REFUGIADOS | |
| 650 | 0 | |2 UNESCO |9 36 |a MIGRANTES | |
| 650 | 0 | |2 UNESCO |9 11617 |a FORMACION | |
| 942 | |2 z |c LI |h 14.07.01 O68c T2 |i 15315 |6 140701_O68C_T2_15315 | ||
| 999 | |c 2454 |d 2454 | ||
